MARC details
| 000 -LÍDER |
| campo de controle de tamanho fixo |
01371nam a2200337 4500 |
| 001 - NÚMERO DE CONTROLE |
| campo de controle |
201 |
| 003 - IDENTIFICADOR DO NÚMERO DE CONTROLE |
| campo de controle |
OSt |
| 005 - DATA E HORÁRIO DA ÚLTIMA TRANSAÇÃO |
| campo de controle |
20250528074014.0 |
| 008 - CAMPO DE DADOS FIXOS--INFORMAÇÃO GERAL |
| campo de controle de tamanho fixo |
250203b |||||||e |||| 00| 1 eng d |
| 040 ## - FONTE DA CATALOGAÇÃO |
| Idioma da catalogação |
por |
| 041 ## - CÓDIGO DE IDIOMA |
| Código do idioma do original e/ou traduções intermediárias do texto |
eng |
| Código do idioma do texto/trilha sonora ou título diferente |
por |
| 082 ## - CDD - CLASSIFICAÇÃO DECIMAL DE DEWEY |
| Número de Classificação |
823 |
| Número do exemplar |
D548g |
| 100 1# - ENTRADA PRINCIPAL--NOME PESSOAL |
| Nome pessoal |
Dickens, Charles, |
| Datas associadas ao nome |
1812-1870 |
| 9 (RLIN) |
370 |
| 240 ## - TÍTULO UNIFORME |
| Título uniforme |
Great Expectations |
| 245 ## - TÍTULO |
| Título |
Grandes esperanças / |
| Indicação de responsabilidade, etc. |
Dickens, Charles ; Tradução de Alceu Masson |
| 260 ## - PUBLICAÇÃO, DISTRIBUIÇÃO, ETC. |
| Local de publicação, distribuição, etc. |
São Paulo |
| Nome do editor, distribuidor, etc. |
Abril |
| Data da publicação, distribuição, etc. |
1984 |
| 300 ## - DESCRIÇÃO FÍSICA |
| Extensão |
493 p. |
| 490 1# - TÍTULO DA SÉRIE |
| Título da série |
Grandes Romancistas |
| 520 ## - NOTA DE RESUMO, ETC. |
| Resumo, etc. |
Em 1861 Dickens publicou o mais equilibrado de seus romances: "Grandes Esperanças". A obra foi inspirada em sua experiência amorosa com a atriz Ellen Ternan, com a qual rapidamente se decepcionou.Grandes Esperanças é uma de suas obras-primas. Dickens acreditava, como todo inglês médio da época, na imutabilidade da hierarquia social e condensou no destino de Pip - principal personagem da obra - sua própria experiência: os perigos de uma ascensão social demasiado rápida. |
| 650 #0 - ASSUNTO--TERMO TÓPICO |
| Cabeçalho tópico ou nome geográfico |
Literatura Inglesa |
| 9 (RLIN) |
89 |
| 650 #0 - ASSUNTO--TERMO TÓPICO |
| Cabeçalho tópico ou nome geográfico |
Amor e Paixão |
| 9 (RLIN) |
25 |
| 650 #0 - ASSUNTO--TERMO TÓPICO |
| Cabeçalho tópico ou nome geográfico |
Grandes Amizades |
| 9 (RLIN) |
28 |
| 650 #0 - ASSUNTO--TERMO TÓPICO |
| Cabeçalho tópico ou nome geográfico |
Drama |
| 9 (RLIN) |
18 |
| 650 #0 - ASSUNTO--TERMO TÓPICO |
| Cabeçalho tópico ou nome geográfico |
Clássicos |
| 9 (RLIN) |
77 |
| 650 #0 - ASSUNTO--TERMO TÓPICO |
| Cabeçalho tópico ou nome geográfico |
Filme |
| 9 (RLIN) |
26 |
| 655 #0 - TERMO DE ÍNDICE--GÊNERO E FORMA |
| Gênero/forma/ou termo foco |
Romance |
| 655 #0 - TERMO DE ÍNDICE--GÊNERO E FORMA |
| Gênero/forma/ou termo foco |
Ficção |
| 700 ## - ENTRADA ADICIONADA - NOME PESSOAL |
| Nome pessoal |
Alceu Masson |
| Função do autor por extenso |
Tradutor |
| 9 (RLIN) |
371 |
| 830 ## - ENTRADA SECUNDÁRIA DE SÉRIE--TÍTULO UNIFORME |
| Título uniforme |
Grandes Romancistas |
| 9 (RLIN) |
126 |
| 942 ## - ELEMENTOS DE ENTRADA ADICIONADOS (KOHA) |
| Fonte de classificação ou esquema de arquivamento |
Classificação decimal de Dewey |
| Ocultar no OPAC |
Não |
| Tipo de material Koha |
Livros |